Statistics for Countries with less than 1 soldier per 1000

Click here to take the quiz!

General Stats

  • This quiz has been taken 32 times
  • The average score is 7 of 13

Answer Stats

Per 1000 Answer % Correct
0.9 AfricaLesotho
64%
0.2 North AmericaHaiti
61%
0.7 EuropeIceland
57%
0.7 AfricaKenya
54%
0.6 AfricaGhana
54%
0.5 AfricaMozambique
50%
0.4 AfricaGambia
50%
0.8 AfricaBenin
46%
0.7 AfricaLiberia
46%
0.7 AfricaBurkina Faso
46%
0.7 AfricaCentral African Republic
46%
0.5 AfricaMalawi
43%
0.5 OceaniaPapua New Guinea
43%

Score Distribution

Percentile by Number Answered

Percent of People with Each Score

Your Score History

You have not taken this quiz